000 01413cam a22002651 4500
001 e 43000016
003 DLC
005 20260227111231.0
008 781122s1942 dcuak b f001 0 eng c
010 _ae 43000016
035 _a(OCoLC)4394461
040 _aU. S. Off. of educ. Library
_cA
_dOCoLC
_dDLC
042 _apremarc
050 0 0 _aLC1045
_b.A25 no. 223
082 _a331.7
100 1 _aZapoleon, Marguerite (Wykoff)
_d1907-
245 1 0 _aCommunity occupational surveys,
_cby Marguerite Wykoff Zapoleon, specialist, occupational information and guidance service. Federal security agency, Paul V. McNuff, administrator. U. S. Office of education, John W. Studebaker, commissioner.
260 _aWashington,
_bU.S. Govt. print. off.,
_c1942.
300 _aviii, 199 p.
_bincl. illus., tables, forms (2 fold.)
_c23 cm.
490 0 _aU. S. Office of education. Vocational division bulletin
_vno. 223. Occupational information and guidance series no. 10
501 _aWith : The worker, his job, and his government / United States. Office of Education. Washington : Govt. Print. Off., 1942. Bound together subsequent to publication.
_5DLC
504 _a"Annotated bibliography of reports of community occupational surveys, 1930-1940": p. 143-169. "Selected bibliography on techniques for community occupational surveys": p. 170-175.
650 0 _aOccupations.
740 0 _aOccupational surveys.
999 _c21912
_d21912